Skład Wisły Kraków z APOELEM - Statystyki

Ogólne statystyki
  • Ten quiz został rozwiązany 30 razy
  • Średni wynik to 7 z 15
Statystyki odpowiedzi
POZYCJA Zawodnik % Poprawnych
Pomocnik Maor Melikson
71%
Pomocnik Cezary Wilk
68%
Trener Robert Maaskant
68%
Pomocnik Patryk Małecki
64%
Napastnik Cwetan Genkow
57%
Pomocnik Radosław Sobolewski
50%
Rezerwowy Ivica Iliev
46%
Obrońca Kew Jaliens
46%
Obrońca Junior Diaz
43%
Obrońca Osman Chavez
43%
Bramkarz Siergiej Pareiko
43%
Obrońca Michael Lamey
39%
Rezerwowy Andraż Kirm
29%
Pomocnik Gervasio Nunez
18%
Rezerwowy Marko Javanović
0%
Nie znaleziono quizów pasujących do podanych kryteriów
Rozkład punktacji
Procent ludzi z każdym wynikiem
Percentyl według liczby udzielonych odpowiedzi
Twoja historia wyników
Nie rozwiązałeś tego quizu